Super Mario Galaxy Bosses (In Order) - Statistics

General Stats
  • This quiz has been taken 498 times
  • The average score is 8 of 21
Answer Stats
Galaxy Answer % Correct
Good Egg Dino Piranha
85%
Good Egg King Kaliente
64%
Robot Reactor Megaleg
64%
Star Reactor Bowser
58%
Honeyhive Bugaboom
57%
Galaxy Reactor Bowser
55%
Ghostly Bouldergeist
52%
Space Junk Kamella
47%
Space Junk Tarantox
44%
Dark Matter Plant Bowser
43%
Battlerock Topmaniac
42%
Freezeflame Baron Brrr
32%
Gusty Garden Major Burrows
32%
Deep Dark Kamella
30%
Melty Molten Fiery Dino Piranha
29%
Bonefin Kingfin
29%
Lava Reactor King Kaliente
29%
Dreadnought Topmaniac
27%
Airship Armada Bowser Jr.'s Airship
13%
Toy Time Monty Mole
8%
Gold Leaf Monty Mole
7%
No matching quizzes found
Score Distribution
Percent of People with Each Score
Percentile by Number Answered
Your Score History
You have not taken this quiz